[Event "Kalamazoo op07"]
[Site "Kalamazoo"]
[Date "2000.07.29"]
[Round "1"]
[White "Higgins, Richard"]
[Black "Jendras, Gerard"]
[Result "0-1"]
[WhiteElo "1193"]
[BlackElo "1848"]
[PlyCount "30"]
[EventDate "2000.07.29"]
[EventType "swiss"]
[EventRounds "5"]
[EventCountry "USA"]
[SourceTitle "EXT 2007"]
[Source "ChessBase"]
[SourceDate "2006.11.23"]
[SourceVersion "1"]
[SourceVersionDate "2006.11.23"]
[SourceQuality "1"]

1. e4 e5 2. Nf3 Nc6 3. Bb5 a6 4. Ba4 Nf6 5. 0-0 Be7 6. Re1 b5 7. Bb3 0-0 8. c3 d5 9. exd5 Nxd5 10. d3 Bb7 11. Nxe5 Nxe5 12. Rxe5 Nf6 13. Bc2 Bd6 14. Bf4 Bxe5 15. Bxe5 Qd5 0-1

[Event "Kalamazoo op07"]
[Site "Kalamazoo"]
[Date "2000.07.29"]
[Round "3"]
[White "Higgins, Richard"]
[Black "Robertson, John"]
[Result "0-1"]
[WhiteElo "1193"]
[BlackElo "1480"]
[PlyCount "164"]
[EventDate "2000.07.29"]
[EventType "swiss"]
[EventRounds "5"]
[EventCountry "USA"]
[SourceTitle "EXT 2007"]
[Source "ChessBase"]
[SourceDate "2006.11.23"]
[SourceVersion "1"]
[SourceVersionDate "2006.11.23"]
[SourceQuality "1"]

1. e4 c5 2. d4 cxd4 3. c3 dxc3 4. Nxc3 Nc6 5. Nf3 d6 6. Be2 Nf6 7. 0-0 g6 8. Qc2 Bg7 9. Be3 0-0 10. a3 Be6 11. Rad1 Rc8 12. Ng5 Bd7 13. h3 a6 14. Qb1 h6 15. Nf3 Kh7 16. Nd2 b5 17. f4 d5 18. exd5 Nxd5 19. Nxd5 Bxh3 20. Nb6 Bd4 21. Qd3 Bf5 22. Ne4 Qxb6 23. Kf2 Bxe3+ 24. Qxe3 Qxe3+ 25. Kxe3 Bxe4 26. Kxe4 Rfd8 27. Rxd8 Rxd8 28. Rd1 Rxd1 29. Bxd1 e6 30. Bf3 Kg7 31. Kd3 Ne7 32. Kc3 Nd5+ 33. Bxd5 exd5 34. Kd4 Kf6 35. Kxd5 Kf5 36. Kc5 Kxf4 37. Kb6 h5 38. Kxa6 Kg3 39. Kxb5 Kxg2 40. a4 h4 41. a5 h3 42. a6 h2 43. a7 h1Q 44. a8Q+ Kg1 45. Qxh1+ Kxh1 46. b4 g5 47. Kc4 g4 48. b5 g3 49. b6 g2 50. b7 g1Q 51. b8Q Qf1+ 52. Kd5 Qd3+ 53. Kc6 Qc4+ 54. Kd7 Qe6+ 55. Kd8 Qf6+ 56. Kd7 Qf5+ 57. Ke8 Qe6+ 58. Kd8 f5 59. Qb1+ Kg2 60. Qb7+ Qe4 61. Qg7+ Kf3 62. Qc3+ Qe3 63. Qc6+ Ke2 64. Qg6 Qd3+ 65. Ke7 f4 66. Qg2+ Ke3 67. Qg1+ Kd2 68. Kf6 f3 69. Qf2+ Qe2 70. Qd4+ Ke1 71. Qc3+ Kf1 72. Qc1+ Qe1 73. Qc4+ Kg2 74. Qa2+ f2 75. Qd5+ Kf1 76. Qd3+ Qe2 77. Qb1+ Kg2 78. Qg6+ Kh3 79. Qh7+ Kg3 80. Qg6+ Qg4 81. Qd3+ Qf3+ 82. Kg5 Qxd3 0-1

[Event "Kalamazoo op02"]
[Site "Kalamazoo"]
[Date "2000.02.19"]
[Round "2"]
[White "Higgins, Richard"]
[Black "Ringler, Dave"]
[Result "1-0"]
[WhiteElo "1137"]
[BlackElo "1127"]
[PlyCount "65"]
[EventDate "2000.02.19"]
[EventType "swiss"]
[EventRounds "3"]
[EventCountry "USA"]
[SourceTitle "EXT 2007"]
[Source "ChessBase"]
[SourceDate "2006.11.23"]
[SourceVersion "1"]
[SourceVersionDate "2006.11.23"]
[SourceQuality "1"]

1. e4 g6 2. Nf3 Bg7 3. d4 b6 4. Be3 Bb7 5. c3 Bxe4 6. Nbd2 Bb7 7. Bd3 Nf6 8. h3 0-0 9. Qc2 Nd5 10. 0-0 Nxe3 11. fxe3 d5 12. e4 Nd7 13. e5 c5 14. Qd1 Rc8 15. Nh2 cxd4 16. cxd4 Nb8 17. Ndf3 Nc6 18. a3 a6 19. Rf2 b5 20. Qe2 h6 21. Raf1 Qb6 22. e6 Nxd4 23. exf7+ Rxf7 24. Qd1 Nxf3+ 25. Nxf3 Bxb2 26. Kh1 Qxf2 27. Bxg6 Qxf1+ 28. Qxf1 Rc1 29. Bxf7+ Kxf7 30. Ne1+ Ke6 31. Qe2+ Be5 32. Kg1 Kd6 33. Qd2 1-0

[Event "Kalamazoo op01"]
[Site "Kalamazoo"]
[Date "2000.01.22"]
[Round "1"]
[White "Thompson, Dean"]
[Black "Higgins, Richard"]
[Result "1-0"]
[WhiteElo "1389"]
[BlackElo "1176"]
[PlyCount "115"]
[EventDate "2000.01.22"]
[EventType "swiss"]
[EventRounds "3"]
[EventCountry "USA"]
[SourceTitle "EXT 2007"]
[Source "ChessBase"]
[SourceDate "2006.11.23"]
[SourceVersion "1"]
[SourceVersionDate "2006.11.23"]
[SourceQuality "1"]

1. e4 c5 2. Nf3 Nc6 3. d4 cxd4 4. Nxd4 e6 5. c4 Qb6 6. Nb3 Nf6 7. Be3 Bb4+ 8. N1d2 Qc7 9. a3 Bxd2+ 10. Nxd2 0-0 11. Qf3 d6 12. g4 e5 13. h3 Nd4 14. Bxd4 exd4 15. g5 Ne8 16. Nb3 Be6 17. Nxd4 Qa5+ 18. b4 Qxg5 19. Nxe6 fxe6 20. Qg4 Qf6 21. Ra2 Qc3+ 22. Rd2 Nc7 23. Qg3 Qxg3 24. fxg3 Rad8 25. Be2 e5 26. Rf1 Ne6 27. Rxf8+ Nxf8 28. c5 Kf7 29. Bc4+ Ke7 30. cxd6+ Rxd6 31. Rxd6 Kxd6 32. Bd5 b6 33. Kd2 Nd7 34. Ke3 Nf6 35. Bc4 h6 36. Be2 Ke6 37. g4 Kd6 38. Kd3 Kc6 39. Kc4 Kc7 40. Bd3 Ne8 41. Kd5 Nf6+ 42. Kxe5 Kd7 43. Kf5 Ke7 44. Kg6 Kf8 45. Kf5 Ke7 46. Bc4 g6+ 47. Kxg6 Nxe4 48. Kxh6 Kf6 49. h4 Nd6 50. g5+ Ke7 51. g6 Nf5+ 52. Kh7 Kf6 53. h5 a5 54. bxa5 bxa5 55. h6 a4 56. g7 Ne7 57. g8Q Nxg8 58. Kxg8 1-0

[Event "Kalamazoo op12"]
[Site "Kalamazoo"]
[Date "1999.12.18"]
[Round "1"]
[White "Griffin, John P"]
[Black "Higgins, Richard"]
[Result "1-0"]
[WhiteElo "1500"]
[BlackElo "1175"]
[PlyCount "81"]
[EventDate "1999.12.18"]
[EventType "swiss"]
[EventRounds "3"]
[EventCountry "USA"]
[SourceTitle "EXT 2007"]
[Source "ChessBase"]
[SourceDate "2006.11.23"]
[SourceVersion "1"]
[SourceVersionDate "2006.11.23"]
[SourceQuality "1"]

1. d4 d5 2. c4 e6 3. Nf3 Nf6 4. g3 c6 5. Bg2 Nbd7 6. Nbd2 Qa5 7. 0-0 Be7 8. a3 h5 9. b4 Qc7 10. Re1 h4 11. Qc2 hxg3 12. fxg3 Nf8 13. Nf1 Ng6 14. cxd5 exd5 15. Ng5 Ng4 16. e4 Nxh2 17. Nxf7 Kxf7 18. Qf2+ Kg8 19. Nxh2 Bh3 20. Bxh3 Rxh3 21. Qg2 Rxg3 22. Ra2 Rxg2+ 23. Rxg2 Rf8 24. Rxg6 Rf6 25. Rg4 Rf7 26. e5 Qb6 27. Kg2 a5 28. e6 Rf5 29. Nf3 axb4 30. axb4 Qxb4 31. Bh6 Qb2+ 32. Kg1 g5 33. Rg2 Qb6 34. Bxg5 Kf8 35. Bh6+ Ke8 36. Rg8+ Rf8 37. Bxf8 Qb4 38. Bh6+ Bf8 39. e7 Qxe1+ 40. Nxe1 Kf7 41. exf8Q+ 1-0

[Event "Kalamazoo op12"]
[Site "Kalamazoo"]
[Date "1999.12.18"]
[Round "2"]
[White "Higgins, Richard"]
[Black "Ringler, Dave"]
[Result "0-1"]
[WhiteElo "1175"]
[BlackElo "1127"]
[PlyCount "56"]
[EventDate "1999.12.18"]
[EventType "swiss"]
[EventRounds "3"]
[EventCountry "USA"]
[SourceTitle "EXT 2007"]
[Source "ChessBase"]
[SourceDate "2006.11.23"]
[SourceVersion "1"]
[SourceVersionDate "2006.11.23"]
[SourceQuality "1"]

1. e4 c5 2. d4 cxd4 3. c3 d6 4. cxd4 Nf6 5. Nc3 g6 6. Bc4 Bg7 7. Nf3 0-0 8. Qb3 Nc6 9. Ng5 d5 10. exd5 Na5 11. Qb4 Nxc4 12. Qxc4 a6 13. 0-0 b5 14. Qb3 Bb7 15. Be3 Nxd5 16. Rac1 Nxe3 17. fxe3 e6 18. Rxf7 Qxg5 19. Rxf8+ Rxf8 20. Qxe6+ Kh8 21. Qh3 Bxd4 22. Kh1 Bxe3 23. Re1 Rf2 24. Rg1 Rxb2 25. Ne4 Bxe4 26. Qc8+ Kg7 27. Qc7+ Kh6 28. Qg3 Qxg3 0-1